| 000 | 00723nam a2200241Ia 4500 | ||
|---|---|---|---|
| 003 | IIN | ||
| 005 | 20250430104356.0 | ||
| 008 | 231217s9999 xx adc 001 0 eng d | ||
| 020 |
_cRs.1999.00 _a9789353949273 |
||
| 040 |
_aIIN _bEng |
||
| 082 |
_a610.73 _bBER |
||
| 100 | 1 | _aBerman, Audrey | |
| 245 | 1 |
_aKozier & Erb's Fundamentals of Nursing _bConcepts, Process and Practice/ _cAudrey Berman, Shirlee J. Snyder & Geralyn Frandsen |
|
| 250 | _a11th ed | ||
| 260 |
_bPearson _aUttar Pradesh _c2022 |
||
| 300 |
_a1533p. _bcol. ill. |
||
| 500 | _aIncludes Index | ||
| 650 | 1 |
_aFoundation _vNursing |
|
| 650 | 1 |
_aFundamental _vNursing |
|
| 700 | 1 | _aSnyder, Shirlee J. | |
| 700 | 1 | _aFrandsen, Geralyn | |
| 942 | _cBOOK | ||
| 999 |
_c1308 _d1308 |
||